| 000 | 00636nmm a2200217Ia 4500 | ||
|---|---|---|---|
| 008 | 251105s9999||||xx |||||||||||||||||und|| | ||
| 020 | _a9789560103901 | ||
| 041 | _aspa | ||
| 100 | _aCapitelli, Giovanna | ||
| 245 | 0 | _aArte en la iglesia de San Ignacio | |
| 264 |
_a[Santiago de Chile, Chile] : _bRil editores, _c2017 |
||
| 300 | _a168 páginas | ||
| 650 | _aArts in general | ||
| 700 | _aCapitelli, Giovanna | ||
| 700 | 1 | _a Carroza, Macarena | |
| 700 | 1 | _a Cracolici, Stefano | |
| 700 | 1 | _a Guzmán, Fernando | |
| 700 | 1 | _a Martínez, Juan Manuel | |
| 856 | _uhttps://public.digitaliapublishing.com/a/47489 | ||
| 942 | _cCF | ||
| 999 |
_c63493 _d63493 |
||